Sehenswürdigkeiten Quiz - Statistiken

Allgemein
  • Dieses Quiz wurde 191 mal gespielt
  • Das Durchschnittsergebnis liegt bei 7 aus 8
Antwortstatistiken
Frage Antwort % Korrekt
In welcher Stadt steht das Brandenburger Tor? Berlin
99%
In welcher stadt steht der Eiffelturm? Paris
99%
In welcher stadt steht das Kolosseum? Rom
99%
In welcher stadt steht die Freiheitsstatue? New York
95%
In welcher stadt steht der Christo Redentor? Rio de Janeiro
86%
In welcher stadt steht die Golden Gate Bridge? San Francisco
86%
In welcher stadt steht die Hagia Sophia? Istanbul
80%
In welcher stadt steht das Taj Mahal? Agra
31%
Keine übereinstimmenden Quizze gefunden
Verteilung der Resultate
Anzahl Personen mit jedem Resultat
Perzentil nach korrekt beantworteten Fragen
Ihre Resultats-Entwicklung
Sie haben dieses Quiz noch nicht gespielt